All Swedish Wars - Statistics

General Stats
  • This quiz has been taken 15 times
  • The average score is 47 of 141
Answer Stats
Years War % Correct
1468-1469 | 1469-1470 | 1470-1471 | +4 others Dano-Swedish War
92%
1475-1476 1st Russian War
83%
1479-1482 2nd Russian War
83%
1361-1370 Danish-Hanseatic War
83%
913-1041 Expedition of Rus
83%
1035 Invasion of Norway
83%
1495-1497 | 1554-1557 | 1590-1595 | +3 others Russo-Swedish War
83%
1015-1018 | 1063 | 1814 Swedish-Norwegian War
83%
1449-1457 War against Denmark
83%
1348-1351 War against Russia
83%
1600-1629 Polish-Swedish War
75%
1990-1991 Gulf War
67%
C.990 Invasion of Holy Roman Empire
67%
1618-1648 Thirty Years War
67%
1448-1451 War for Norway
67%
2001-2021 War in Afghanistan
67%
1813-1814 6th Coalition
58%
C.900 Conquest of Denmark
58%
1379-1381 Danish War of Succession
58%
1808-1809 Finnish War
58%
1672-1678 Franco-Dutch War
58%
1700-1721 Great Northern War
58%
C.990 Invasion of Denmark
58%
1563-1570 Northern Seven Years War
58%
1150 1st Swedish Crusade
50%
1655-1660 2nd Northern War
50%
1249-1250 2nd Swedish Crusade
50%
1293-1295 3rd Swedish Crusade
50%
1810-1812 Anglo-Swedish War
50%
1805-1810 Franco-Swedish War
50%
1611-1613 Kalmar War
50%
1396 Northern Ladoga Campaign
50%
1399 Novgorod's Attack in North
50%
1521-1523 Swedish War of Liberation
50%
1444 Campaign against Novgorod
33%
865-878 Invasion of England
33%
1384 Invasion of Scania
33%
2012-Present Mali War
33%
C.600 Raid of Estonia
33%
C.700 Raid on Estonia
33%
1360 Reconquest of Scania
33%
1142-1323 Swedish-Novgorodian War
33%
1338-1339 War against Novgorod
33%
1473-1475 1st Livonian Campaign
25%
1478 2nd Livonian Campaign
25%
1485-1488 3rd Livonian Campaign
25%
1439-1440 Campaign against Pomerania
25%
1918 Invasion of Aland
25%
C.1200 Livonian Crusade
25%
1558-1583 Livonian War
25%
C.500 Slave Revolt
25%
500-800 Swedish-Gothic Wars
25%
1801-1805 1st Barbary War
17%
1226 Attack on Sweden
17%
1395-1398 Campaign against Victual Brothers
17%
1960-1965 Congo Crisis
17%
C.850-870 Conquest in Eastern Europe
17%
1361 Conquest of Gotland
17%
1655 Conquest of New Sweden
17%
1596-1597 Cudgel War
17%
1551-1553 Peasant Revolt
17%
1616 | 1655 Peasant Uprising
17%
1623 Stockholm Riots
17%
1304-1310 Swedish Brothers Feud
17%
1288 | 1398 | 1403-1404 | +2 others War in Gotland
17%
1313 War on Gotland
17%
1654 1st Bremian War
8%
1247 1st Folkung Uprising
8%
1666 2nd Bremian War
8%
1251 2nd Folkung Uprising
8%
1278-1280 3rd Folkung Uprising
8%
1499 Border Conflict
8%
1323 Campaign against Ingeborg
8%
1292 Campaign against Karelians
8%
1256-1257 Campaign in Narva
8%
1534-1536 Counts Feud
8%
1542-1543 Dacke War
8%
1438-1439 David's Rebellion
8%
1434-1436 Engelbrekt Rebellion
8%
854 | 862 Expedition to Courland
8%
C.995 Expedition to Wendland
8%
1609-1610 Gardie Campaign
8%
1182 Harald Skraengs Uprising
8%
1610-1617 Ingrian War
8%
1153 Invasion of Smaland
8%
1339 Johan Offessons Uprising
8%
C.980 Jomsviking-Swedish War
8%
1341-1343 Kalundborg War
8%
1321-1323 Kexholm War
8%
1570-1571 Kurssells Coup
8%
1283-1284 Ladoga Campaign
8%
1536 More Uprising
8%
1300-1301 Neva Campaign
8%
1688-1697 Nine Years War
8%
1757-1762 Pomeranian War
8%
1436-1437 Puke Feud
8%
859 Raids in Mediterranean
8%
1234 Reinstatement War
8%
1675-1679 Scanian War
8%
1598-1599 Sigismund War
8%
1343-1345 St George's Night Uprising
8%
1624 Stims Uprising
8%
1791-1792 Swedish-Algerian War
8%
1236-1237 Tavastian Uprising
8%
1311-1314 Tavastian War
8%
1788-1789 Theatre War
8%
1643-1645 Torstenson War
8%
1763 Tunis-Swedish War
8%
1225-1249 Varmland Campaign
8%
1437-1438 Varmland Rebellion
8%
1437 War against Flemingar
8%
1325-1326 War against Reval
8%
1487 War against Totts
8%
1275 War against Valdemar Birgersson
8%
1317-1319 | 1363-1371 | 1388-1395 | +4 others War of Deposition
8%
1667-1668 War of Devolution
8%
No matching quizzes found
Score Distribution
Percent of People with Each Score
Percentile by Number Answered
Your Score History
You have not taken this quiz